Presupuesto ordinario de ingresos y gastos para el ejercicio de 1940 ... / Diputación Provincial de Lérida
Descripción Física:
104 p. ; 24'5 cm
MARC
| LEADER | 00000nam a2200000Ia 4500 | ||
|---|---|---|---|
| 001 | 1210 | ||
| 008 | 160829s1940 xx 000 0 cat d | ||
| 080 | |a M-3-55 | ||
| 110 | 1 | |9 52948 |a Lleida (Catalunya : Província). |b Diputació | |
| 245 | |a Presupuesto ordinario de ingresos y gastos para el ejercicio de 1940 ... / Diputación Provincial de Lérida | ||
| 260 | |a Lérida : |b (Imp. Prov. Casa de Misericordia), |c 1940 | ||
| 300 | |a 104 p. ; |c 24'5 cm | ||
| 610 | 1 | 0 | |a Lleida (Catalunya : Província). |b Diputació |9 52948 |
| 610 | 1 | 0 | |a Lleida (Catalunya : Província). |b Diputació |x Assignacions pressupostàries i despeses |9 55223 |
| 901 | |a Arxiu | ||
| 942 | |n 1 |2 udc | ||
| 952 | |0 0 |1 0 |4 0 |6 M355 |7 1 |9 49056 |a Arxiu |b Arxiu |d 2016-12-01 |l 0 |o M-3-55 |p 1210 |r 2016-12-01 00:00:00 |w 2016-12-01 |y ARXIU | ||
| 999 | |c 52893 |d 52893 | ||